000 01144nam2a2200253 4500
001 rc\2913832
005 20110809135204.6
035 _a(NLR Aleph) 007064368
090 _a13593676
_c13593676
100 _a20041018d1941 |||y0rusy50 ca
101 0 _arus
102 _aRU
105 _aa z |||||
200 1 _aˆ[‰Былины №№ 62-129]
_fСт. Р. Липец. ["Местные мотивы в былине о Садко у М.С. Крюковой и др. сказителей", с. 719-67]
210 _d1941
215 _a796 с.
_cил.
320 _aУказатель имен и геогр. названий. Сост. Э. Бородина, с. 785-91
461 0 _1001rc\2913831
_12001#$aБылины М.С. Крюковой$fЗаписали и коммент. Э. Бородина и Р. Липец$gРед. акад. Ю. Соколова$vТ. 2
_1700#1$aКрюкова$bМ.С.$gМарфа Семеновна$f1876-1954
702 1 _aЛипец
_bР. С.
_gРахиль Соломоновна
_4570
801 0 _aRU
_bNLR
_gpsbo
801 1 _aRU
_bELAR
_2rusmarc
852 _aNLR
_bЛ
_j10 В-7/3(8-2)
942 _cBOOK
980 _aNB